Citrus Processing and Postharvest Management / (Record no. 53270)

MARC details
000 -LEADER
fixed length control field 00655nam a2200229Ia 4500
005 - DATE AND TIME OF LATEST TRANSACTION
control field 20260429112257.0
008 - FIXED-LENGTH DATA ELEMENTS--GENERAL INFORMATION
fixed length control field 260429s9999||||xx |||||||||||||| ||und||
020 ## - INTERNATIONAL STANDARD BOOK NUMBER
International Standard Book Number 9789348596734
041 ## - LANGUAGE CODE
Language English
082 ## - DEWEY DECIMAL CLASSIFICATION NUMBER
Classification number 664.804
Item number KUM
100 ## - MAIN ENTRY--PERSONAL NAME
Personal name Kumar, Dinesh
245 #0 - TITLE STATEMENT
Title Citrus Processing and Postharvest Management /
Statement of responsibility, etc Dinesh Kumar
260 ## - PUBLICATION, DISTRIBUTION, ETC. (IMPRINT)
Place of publication, distribution, etc New Delhi :
Name of publisher, distributor, etc Today & Tomorrow's Printers and Publishers,
Date of publication, distribution, etc 2025.
300 ## - PHYSICAL DESCRIPTION
Extent 175 p.; hb
650 ## - SUBJECT ADDED ENTRY--TOPICAL TERM
Topical term or geographic name as entry element Food processing
650 ## - SUBJECT ADDED ENTRY--TOPICAL TERM
Topical term or geographic name as entry element Postharvest technology
650 ## - SUBJECT ADDED ENTRY--TOPICAL TERM
Topical term or geographic name as entry element Citrus fruits
700 ## - ADDED ENTRY--PERSONAL NAME
Personal name Ghosh, Dilip
700 ## - ADDED ENTRY--PERSONAL NAME
Personal name Gurjar, Manju
700 ## - ADDED ENTRY--PERSONAL NAME
Personal name Roy, Subhra Saikat
942 ## - ADDED ENTRY ELEMENTS (KOHA)
Koha item type Text Books
Holdings
Withdrawn status Lost status Damaged status Not for loan Collection code Home library Location Shelving location Date of Cataloging Source of acquisition Total Checkouts Full call number Barcode Date last seen Price effective from Koha item type
        Non-fiction CUTN Central Library CUTN Central Library Medicine, Technology & Management 29/04/2026 Today and Tomorrow’s Printers & Publishers, New Delhi - Invoice No. IN-00470 on 10-02-2026   664.804 KUM 58602 29/04/2026 29/04/2026 Text Books